01305nam a2200301 a 450000100060000000300080000600500170001400800410003103500190007204000420009104100080013308200250014124500590016624600390022524600260026426000780029030000260036850001050039450400200049965000360051965000740055571000520062978000810068178500680076294200120083099900170084295201440085931284BD-RjUL20211209051700.0140415t1954 enkar p 0 1 a0eng d a(BD-RjUL)31371 aIULcIULdNYGdDLCdNSTdBD-RjULbeng aeng00a378.42219bYEA 195404aThe yearbook of the universities of the Commonwealth /08aCommonwealth universities yearbook08aUniversities yearbook aLondon :bAssociation of Universities of the British Commonwealth,c1954. alviii, 1916 ;c19 cm. aAlso spine titles: Universities yearbook (1948-1950), Commonwealth universities yearbook (1951-1957) aincludes index. 0aEducationzGreat Britain962488 0aUniversities and collegeszCommonwealth countriesvDirectories.931692 aAssociation of Commonwealth Universities.9317200tYearbook of the universities of the empirew(OCoLC)6385150w(UkOxU)01037302600tCommonwealth universities yearbookx0069-7745w(UkOxU)010353224 2ddccBK c31284d31284 00102ddc40708NFICaRUCLbRUCLcReadingd1956-04-10ebritish councilg0.00l0o378.42 YEA 1954r2014-04-15 00:00:00tC-1w2021-12-09yBK